000 01553nam a22004337a 4500
003 CHAP
005 20220329141705.0
008 971013s1981 r 00010 d
010 _a72261
011 _a73233
035 _a82790
040 _cCHAP
090 _aTesis
100 0 0 _aGarcía, Rafael.
_946806
245 _aEfecto del compuesto carbofuran en tratamiento a la semilla sobre la germinación de cuatro variedades de maíz, trigo, sorgo y soya bajo condiciones de invenadero
260 _aMonterrey, N.L. :
_bEl autor,
_c1981
300 _a85 h.
502 _aTesis (Ing. Agr. Esp. en Parasitología Agrícola) -- ITESM. Div. de Ciencias Agropecuarias y Marítimas
590 _aALEPH
_b10
_c20130110
_lUCH01
_h1413
590 _aBATCH-UPD
_b10
_c20130110
_lUCH01
_h0240
590 _aBATCH-UPD
_b10
_c20130110
_lUCH01
_h1413
590 _aBATCH-UPD
_b10
_c20130409
_lUCH01
_h2307
590 _aBATCH-UPD
_b10
_c20130410
_lUCH01
_h1315
590 _aBATCH-UPD
_b10
_c20130914
_lUCH01
_h0841
590 _aCONVERSION
_b10
_c20130109
_lUCH01
_h1340
650 1 4 _aCarbofurán.
_918809
650 1 4 _aCultivos en invernadero.
_930376
650 1 4 _aMaíz
_xGerminación.
_970965
650 1 4 _aMaíz
_xSemilla.
_971059
650 1 4 _aSorgo
_xGerminación.
_9108674
650 1 4 _aSorgo
_xSemilla.
_9108720
650 1 4 _aSoya
_xGerminación.
_9109055
650 1 4 _aSoya
_xSemilla.
_9109087
650 1 4 _aTrigo
_xGerminación.
_9115031
650 1 4 _aTrigo
_xSemilla.
_9115097
901 _aBK
942 _cTESIS
949 _bBC
_cTES
_d-37021
_eTS1
_i82790
_si
999 _c72261
_d72261